000 00409nam a2200157 i 4500
001 149734
003 ES-MaACL
005 20230906203231.0
007 t|
008 071024q19001950fr ||||1| fre d
100 1 _aVaudoyer, Jean-Louis.
_9113311
245 1 3 _aLa bien-aimée /
_cJean-Louis Vaudoyer.
260 _a[Lagny :
_bE. Grevin,
_c19-?]
300 _a284 p. ;
_c18 cm.
852 _aES-MaACL
_jF-5388
999 _c149734
_d149734